Heat thermodynamics and statistical physics / (Record no. 10554)

MARC details
000 -LEADER
fixed length control field 01169cam a2200349 i 4500
001 - CONTROL NUMBER
control field 4058487
003 - CONTROL NUMBER IDENTIFIER
control field EG-ScBUE
005 - DATE AND TIME OF LATEST TRANSACTION
control field 20250615081818.0
008 - FIXED-LENGTH DATA ELEMENTS--GENERAL INFORMATION
fixed length control field 850102s2007 ii a f b 001 0 eng d
020 ## - INTERNATIONAL STANDARD BOOK NUMBER
International Standard Book Number 8121928133
020 ## - INTERNATIONAL STANDARD BOOK NUMBER
International Standard Book Number 9788121928137
040 ## - CATALOGING SOURCE
Original cataloging agency DLC/ICU
Language of cataloging eng
Description conventions rda
Transcribing agency ICU
Modifying agency DLC
-- EG-ScBUE
082 04 - DEWEY DECIMAL CLASSIFICATION NUMBER
Classification number 536.1
Item number LAL
Edition number 22
100 1# - MAIN ENTRY--PERSONAL NAME
Personal name Lal, Brij,
Relator term author.
9 (RLIN) 1915
245 10 - TITLE STATEMENT
Title Heat thermodynamics and statistical physics /
Statement of responsibility, etc Brij Lal, N. Subrahmanyam ; revised by P. S. Hemne.
250 ## - EDITION STATEMENT
Edition statement Multicolour edition.
264 #1 - PUBLICATION, DISTRIBUTION, ETC. (IMPRINT)
Place of publication, distribution, etc New Delhi :
Name of publisher, distributor, etc S. Chand & Company,
Date of publication, distribution, etc 2007.
300 ## - PHYSICAL DESCRIPTION
Extent 652 pages :
Other physical details color illustrations ;
Dimensions 24 cm.
336 ## - CONTENT TYPE
Source rdacontent
Content type term text
Content type code txt
337 ## - MEDIA TYPE
Media type term unmediated
Source rdamedia
Media type code n
338 ## - CARRIER TYPE
Carrier type term volume
Carrier type code nc
Source rdacarrier
504 ## - BIBLIOGRAPHY, ETC. NOTE
Bibliography, etc Includes bibliographical references and index.<br/>
521 ## - TARGET AUDIENCE NOTE
Target audience note for B.SC. classes as per UGC Model Syllabus.
650 #7 - SUBJECT ADDED ENTRY--TOPICAL TERM
Topical term or geographic name as entry element Statistical mechanics.
Source of heading or term BUEsh
9 (RLIN) 1920
650 #0 - SUBJECT ADDED ENTRY--TOPICAL TERM
Topical term or geographic name as entry element Heat.
Source of heading or term BUEsh
650 #0 - SUBJECT ADDED ENTRY--TOPICAL TERM
Topical term or geographic name as entry element Quantum theory
9 (RLIN) 1883
Source of heading or term BUEsh
651 ## - SUBJECT ADDED ENTRY--GEOGRAPHIC NAME
Source of heading or term BUEsh
655 ## - INDEX TERM--GENRE/FORM
Form subdivision Reading book
700 1# - ADDED ENTRY--PERSONAL NAME
Personal name Subrahmanyam, N.,
Relator term author.
9 (RLIN) 1916
700 1# - ADDED ENTRY--PERSONAL NAME
Personal name Hemne, P. S.,
Relator term reviewer.
9 (RLIN) 1917
942 ## - ADDED ENTRY ELEMENTS (KOHA)
Source of classification or shelving scheme Dewey Decimal Classification
Koha item type Book - Borrowing
Holdings
Withdrawn status Lost status Source of classification or shelving scheme Damaged status Not for loan Collection code Home library Current library Shelving location Date acquired Source of acquisition Cost, normal purchase price Serial Enumeration / chronology Total Checkouts Full call number Barcode Date last seen Koha item type Total Renewals Date checked out Price effective from
    Dewey Decimal Classification     Alahram Central Library Central Library First floor 01/02/2009 Purchase 150.00 6480   536.1 LAL 000014413 15/07/2025 Book - Borrowing      
    Dewey Decimal Classification       Central Library Central Library First floor 16/11/2016 Purchase     2 536.1 LAL 000009487 15/07/2025 Book - Borrowing 1 29/09/2019 16/11/2016